Culture Générale - Série 2534 - Statistiques

Statistiques générales
  • Ce quiz a été pris 69 fois
  • Le résultat moyen est 4 sur 10
Statistiques - réponses
Question Réponse % Correct
Dépourvu de poils (imberbe ou rasé) - adjectif de 6 lettres commençant par " g " glabre
68%
Dans quel pays se trouve la réserve nationale du Masai Mara ? Kenya
63%
Dans quel pays se trouve le parc national du Serengeti ? Tanzanie
58%
Dans quel art peut-on utiliser un rebec ? musique
57%
Enfoncement ménagé dans une chambre pour un ou des lits.Ce mot est parfois employé avec le mot "secret" alcôve
55%
Quel musicien né à Eisenach le 21 mars 1685 est mort à Leipzig le 28 juillet 1750 ? voir photo Jean-Sébastien Bach
54%
Qu'est-ce qu'une cariatide ou caryatide ? statue
22%
Parler d'une manière précipitée et peu distincte. - 11 lettres commençant par " b " bredouiller
15%
En cuisine : Écraser une pâte par petites quantités sur un plan de travail avec la paume de la main - 7 lettres commençant par " f " fraiser
3%
Gâteau formé d'alvéoles de cire que fabriquent les abeilles gaufre
0%
Aucun quiz correspondant
Distribution des résultats
% des personnes avec chaque résultat
Percentile par nombre de réponses
Votre historique - résultats
Vous n’avez pas pris ce quiz